| 000 | 00648nam a22002057a 4500 | ||
|---|---|---|---|
| 005 | 20251108174640.0 | ||
| 008 | 250721s2007 xx 000 0 ara d | ||
| 082 | 1 | 4 | _aط/307.7/أست |
| 100 | 1 | _aأستون، كلير | |
| 245 | 1 | 0 | _aالغرب الأمريكي / |
| 264 | 1 |
_aالجيزة : _bدار الفاروق للاستثمارات الثقافية، _c2007. |
|
| 300 | _a28ص. | ||
| 490 | 0 | _aرحلة عبر الزمن | |
| 650 | 1 | 7 | _aالمجتمعات |
| 650 | 1 | 7 | _aالغرب |
| 653 | _aاطفال مرحله متوسطه (6-9)سنوات | ||
| 700 | 1 |
_aستيسي، مارك _eرسام |
|
| 942 |
_2ddc _cBK |
||
| 999 |
_c114458 _d114458 |
||